BRS SCS BELLUNA – a new banana cultivar for processing and fresh consumption (Registro n. 332343)
[ somente texto ]
| 000 -LÍDER | |
|---|---|
| fixed length control field | 03242nab a2200385 i 4500 |
| 003 - CÓDIGO MARC DA AGÊNCIA CATALOGADORA | |
| Campo de controle | BR-BrBNA |
| 005 - DATA E HORA DA ÚLTIMA ATUALIZAÇÃO | |
| Campo de controle | 20250701111024.0 |
| 008 - CAMPO DE TAMANHO FIXO | |
| fixed length control field | 250701b2020 bl.tr|poo|||| 00| 0 eng | |
| 040 ## - FONTE DA CATALOGAÇÃO | |
| Agência catalogadora | BR-BrBNA |
| Idioma da catalogação | eng |
| 072 ## - CATEGORIA AGRIS | |
| Código AGRIS | F30 |
| Código do objeto | 1112 |
| 100 ## - ENTRADA PRINCIPAL - NOME PESSOAL | |
| Nome pessoal | Scherer, Ramon Felipe |
| 100 ## - ENTRADA PRINCIPAL - NOME PESSOAL | |
| Nome pessoal | Lichtemberg, Luiz Alberto |
| 100 ## - ENTRADA PRINCIPAL - NOME PESSOAL | |
| Nome pessoal | Maro, Luana Aparecida Castilho |
| 100 ## - ENTRADA PRINCIPAL - NOME PESSOAL | |
| Nome pessoal | Beltrame, André Boldrin |
| 100 ## - ENTRADA PRINCIPAL - NOME PESSOAL | |
| Nome pessoal | Klabunde, Gustavo Henrique Ferrero |
| 100 ## - ENTRADA PRINCIPAL - NOME PESSOAL | |
| Nome pessoal | Sônego, Márcio |
| 100 ## - ENTRADA PRINCIPAL - NOME PESSOAL | |
| Nome pessoal | Peruch, Luiz Augusto Martins |
| 100 ## - ENTRADA PRINCIPAL - NOME PESSOAL | |
| Nome pessoal | Amorim, Edson Perito |
| 100 ## - ENTRADA PRINCIPAL - NOME PESSOAL | |
| Nome pessoal | Serejo, Janay Almeida dos Santos |
| 100 ## - ENTRADA PRINCIPAL - NOME PESSOAL | |
| Nome pessoal | Ferreira, Cláudia Fortes |
| 100 ## - ENTRADA PRINCIPAL - NOME PESSOAL | |
| Nome pessoal | Haddad, Fernando |
| 245 ## - TÍTULO PRINCIPAL | |
| Título principal | BRS SCS BELLUNA – a new banana cultivar for processing and fresh consumption |
| 500 ## - NOTA GERAL | |
| Nota geral | <br/><br/>Publicação online; 15 ref.; 3 tables; Summaries (En, Pt) |
| 942 ## - ADDED ENTRY ELEMENTS (KOHA) | |
| Koha item type | Analítica |
| 520 ## - NOTA DE RESUMO | |
| Nota de conteúdo | <br/><br/><br/>Abstract – The new banana cultivar, BRS SCS Belluna (AAA), was developed by the Embrapa and Epagri banana breeding programs for processing and fresh consumption. It is noteworthy differentiated nutritional qualities, since its fruits are rich in fiber and have lower carbohydrate and caloric content when compared to fruits of the most traded subgroups in the country, Prata and Cavendish. ‘BRS SCS Belluna’ is also resistant to Panama disease and to Sigatoka disease complex, major plant health problems in Brazil. The cultivar has yield potential up to 40 t ha-1 under favorable environmental conditions. Thus, it is recommended to plant the ‘BRS SCS Belluna’ in the country, highlighting the state of Santa Catarina, where the studies were conducted. <br/><br/><br/>Index terms: Musa acuminata;plant breeding; clonal selection |
| 520 ## - NOTA DE RESUMO | |
| Nota de conteúdo | <br/><br/><br/>Resumo – BRS SCS Belluna (AAA) é um novo cultivar de banana desenvolvido pelos programas de melhoramento de bananeira da Embrapa e da Epagri. Destacam-se neste cultivar qualidades nutricionais diferenciadas, uma vez que as suas frutas são ricas em fibras e apresentam menores conteúdos de carboidratos e de valores calóricos quando comparadas às frutas dos subgrupos mais comercializados no país, Prata e Cavendish. O cultivar BRS SCS Belluna é resistente ao Mal do Panamá e ao complexo de Sigatoka, principais problemas fitossanitários da bananicultura no Brasil. O cultivar ainda apresenta uma produtividade média que pode chegar a 40t ha-1 em condições ambientais favoráveis. Desta forma, recomenda-se o plantio do ‘BRS SCS Belluna’ no país, destacando-se o estado de Santa Catarina, local onde foram realizados os estudos. <br/><br/><br/>Termos para indexação: Musa acuminata;melhoramento de plantas; seleção clonal |
| 650 ## - ASSUNTO - THESAGRO | |
| Cabeçalho tópico ou nome geográfico | BANANA |
| 650 ## - ASSUNTO - THESAGRO | |
| Cabeçalho tópico ou nome geográfico | CONDIÇÃO AMBIENTAL |
| 650 ## - ASSUNTO - THESAGRO | |
| Cabeçalho tópico ou nome geográfico | VARIEDADE RESISTENTE |
| 650 ## - ASSUNTO - THESAGRO | |
| Cabeçalho tópico ou nome geográfico | SELEÇÃO |
| 650 ## - ASSUNTO - THESAGRO | |
| Cabeçalho tópico ou nome geográfico | MELHORAMENTO GENÉTICO VEGETAL |
| 773 0# - ENTRADA ANALÍTICA | |
| Host Biblionumber | 1813 |
| Registro do item | 317200 |
| Imprenta | Florianópolis-SC Empresa de Pesquisa Agropecuária e Extensão Rural de Santa Catarina 1988- |
| Outro identificador | 2024-3824 |
| Título | Agropecuária Catarinense (Brazil) |
| ISSN | 0103-0779 |
| Colação | v. 33(1) p. 32-37; (2020) |
| Número de controle de registro | BR2025004017 |
| 856 ## - ACESSO E ENDEREÇO ELETRÔNICO | |
| Identificador uniforme de recurso - URI | https://publicacoes.epagri.sc.gov.br/rac/article/view/532/702 |
Nenhum exemplar disponível.

BINAGRI